LDR 01173naa#a2200205#i#450# 001 RU\FGKOU VO SPBU MVD ROSSII\bibl\114708 005 20260701033343.3 011 ## _a2071-8284 100 ## _a20260630b2026####ek#y0rusy0150####ca 101 0# _aRUS 102 ## _aRU 200 1# _aКейс-стади и облачная технология в преподавании поведенческих дисциплин в образовательной организации высшего образования Министерства внутренних дел Российской Федерации _eЖурнальная статья 210 1# _aСанкт-Петербург _cСАНКТ-ПЕТЕРБУРГСКИЙ УНИВЕРСИТЕТ МИНИСТЕРСТВА ВНУТРЕННИХ ДЕЛ РОССИЙСКОЙ ФЕДЕРАЦИИ _d2026 215 ## _a12 с. 608 ## _aЖурнальная статья _2local 675 ## _aНаучные эксперименты. 371.385.3 _zRUS 700 #1 _aКомлев _gЮрий Юрьевич 700 #1 _aЕникеева _gСуфия Загитовна 700 #1 _aРябцева _gОльга Николаевна 856 4# _avestnikspbmvd.ru _u